书目信息 |
| 题名: |
向天而歌
|
|
| 作者: | 刘红庆 著 ;王景春 摄影 | |
| 分册: | ||
| 出版信息: | 北京 北京出版社 2004.08 |
|
| 页数: | 221页 | |
| 开本: | 21cm | |
| 丛书名: | 人生中国丛书 | |
| 单 册: | ||
| 中图分类: | I25 | |
| 科图分类: | ||
| 主题词: | 传记文学--zhuan ji wen xue--中国--当代 | |
| 电子资源: | ||
| ISBN: | 7-200-05465-8 | |
| 000 | 01043nam 2200277 450 | |
| 001 | 012008898968 | |
| 005 | 20080323145439.46 | |
| 010 | @a7-200-05465-8@dCNY26.00 (含光盘) | |
| 100 | @a20080322d2004 km y0chiy0120 ea | |
| 101 | 0 | @achi |
| 102 | @aCN@b110000 | |
| 105 | @aa z 000zy | |
| 106 | @ar | |
| 200 | 1 | @a向天而歌@Axiang tian er ge@e太行盲艺人的故事@f刘红庆著@Fliu hong qing zhu@g王景春摄影@Gwang jing chun she ying |
| 210 | @a北京@c北京出版社@d2004.08 | |
| 215 | @a221页@c图@d21cm@e光盘1片 | |
| 225 | 2 | @a人生中国丛书@Aren sheng zhong guo cong shu |
| 330 | @a本书以报告文学的笔法,通过记述太行盲人宣传队的的盲人民间艺术家对艺术的热爱,为太行每一个村庄带去的欢笑,歌咏“现代阿炳”们的生活与追求。 | |
| 410 | 0 | @12001 @a人生中国丛书 |
| 517 | 1 | @a太行盲艺人的故事@Atai xing mang yi ren de gu shi |
| 606 | 0 | @a传记文学@Azhuan ji wen xue@y中国@z当代 |
| 690 | @aI25@v4 | |
| 701 | 0 | @a刘红庆@Aliu hong qing@4著 |
| 702 | 0 | @a王景春@Awang jing chun@4摄影 |
| 801 | 0 | @aCN@bQSSK@c20080323 |
| 905 | @b20290284-87@dI25@eL625@f4 | |
| 向天而歌:太行盲艺人的故事/刘红庆著/王景春摄影.-北京:北京出版社,2004.08 |
| 221页:图;21cm+光盘1片.-(人生中国丛书) |
| ISBN 7-200-05465-8:CNY26.00 (含光盘) |
| 本书以报告文学的笔法,通过记述太行盲人宣传队的的盲人民间艺术家对艺术的热爱,为太行每一个村庄带去的欢笑,歌咏“现代阿炳”们的生活与追求。 |
| ● |
| 相关链接 |
|
|
|
正题名:向天而歌
索取号:I25/L625
 
预约/预借
| 序号 | 登录号 | 条形码 | 馆藏地/架位号 | 状态 | 备注 |
| 1 | 290284 | 202902840 | 文学库108/108文学库 65排7列5层/ [索取号:I25/L625] | 在馆 | |
| 2 | 290285 | 202902859 | 文学库108/108文学库 65排7列5层/ [索取号:I25/L625] | 在馆 | |
| 3 | 290286 | 202902868 | 文学库108/108文学库 65排7列5层/ [索取号:I25/L625] | 在馆 | |
| 4 | 290287 | 202902877 | 社科二线422/422社科库 29排3列3层/ [索取号:I25/L625] | 在馆 |